All India educational survey: state report Tamil Nadu (Record no. 494463)

000 -LEADER
fixed length control field 00350cam a22001097a 4500
008 - FIXED-LENGTH DATA ELEMENTS--GENERAL INFORMATION
fixed length control field 180718b1982 xxu||||| |||| 00| 0 eng d
082 ## - DEWEY DECIMAL CLASSIFICATION NUMBER
Classification number P068x5452 T152/4
245 ## - TITLE STATEMENT
Title All India educational survey: state report Tamil Nadu
Statement of responsibility, etc. by Goverment of Tamil Nadu
260 ## - PUBLICATION, DISTRIBUTION, ETC.
Place of publication, distribution, etc. Tamil Nadu
Name of publisher, distributor, etc. The Director of Stationery
Date of publication, distribution, etc. 1982
300 ## - PHYSICAL DESCRIPTION
Extent 236p.
700 ## - ADDED ENTRY--PERSONAL NAME
Personal name Tamil Nadu
Holdings
Withdrawn status Lost status Damaged status Not for loan Permanent Location Current Location Date acquired Full call number Barcode Date last seen Price effective from Koha item type
        Indian Institute of Public Administration Indian Institute of Public Administration 2018-08-04 P068x5452 T152/4 GG20113 2018-08-04 2018-08-04 GG

Powered by Koha